00313 a2200121 4500001000700000020001800007040003500025100003100060240004400091245003900135300000800174362000900182156428 a9788547400620 cEscola São Tomás de Aquino aLUZ, Antônio Máximo da10aFísica contexto & aplicaçõeslpor10aFísica contexto & aplicações a2560 a2017